| 000 | 00683nam a2200241Ia 4500 | ||
|---|---|---|---|
| 003 | OSt | ||
| 005 | 20220918110521.0 | ||
| 006 | a|||||r|||| 00| 0 | ||
| 007 | ta | ||
| 008 | 220915b |||||||| |||| 00| 0 eng d | ||
| 024 | _a33676 | ||
| 037 | _cReference Collections | ||
| 040 |
_aARTS _cARTS _beng |
||
| 041 |
_2eng _aeng |
||
| 082 | _aO111,1wN06, M1 (RR) | ||
| 100 |
_aRussel Nick _98158 |
||
| 245 | 0 |
_aPoets by appointment _b Britain's laureates |
|
| 260 |
_aPoole _bBlanuford Press _c1981 |
||
| 300 | _avi,201p. | ||
| 650 | _aENGLISH LITERATURE | ||
| 942 |
_hO111,1wN06, M1 (RR) _cREF |
||
| 999 |
_c113188 _d113188 |
||